Introducción a la Paleografía y la Diplomática general / (Record n. 6179)

Dettagli MARC
000 -LEADER
fixed length control field 00917nam a2200265 i 4500
003 - CONTROL NUMBER IDENTIFIER
control field IT-RoINE
005 - DATE AND TIME OF LATEST TRANSACTION
control field 20141023152359.0
008 - FIXED-LENGTH DATA ELEMENTS--GENERAL INFORMATION
fixed length control field 990511s1999 sp a r 000 spa d
020 ## - INTERNATIONAL STANDARD BOOK NUMBER
International Standard Book Number 8477386412
040 ## - CATALOGING SOURCE
Original cataloging agency UCM.BYD
Modifying agency IT-RoINE
Transcribing agency IT-RoINE
245 10 - TITLE STATEMENT
Title Introducción a la Paleografía y la Diplomática general /
Statement of responsibility, etc Editor, Ángel Riesco Terrero ; [Coautores, Ana Belen Sánchez Prieto (et al.)]
260 ## - PUBLICATION, DISTRIBUTION, ETC. (IMPRINT)
Place of publication, distribution, etc Madrid :
Name of publisher, distributor, etc Síntesis,
Date of publication, distribution, etc 1999.
300 ## - PHYSICAL DESCRIPTION
Extent 366 p. :
Other physical details il. ;
Dimensions 23 cm.
336 ## - CONTENT TYPE
Source rdacontent
Content type term text
337 ## - MEDIA TYPE
Source rdamedia
Media type term unmediated
338 ## - CARRIER TYPE
Source rdacarrier
Carrier type term volume
490 1# - SERIES STATEMENT
Series statement Letras universitarias
504 ## - BIBLIOGRAPHY, ETC. NOTE
Bibliography, etc Bibliografía : p. 353-366.
650 04 - SUBJECT ADDED ENTRY--TOPICAL TERM
Topical term or geographic name as entry element Paleografía
9 (RLIN) 13362
650 04 - SUBJECT ADDED ENTRY--TOPICAL TERM
Topical term or geographic name as entry element Diplomática
9 (RLIN) 13363
700 1# - ADDED ENTRY--PERSONAL NAME
Personal name Riesco Terrero, Ángel,
Dates associated with a name 1932-
9 (RLIN) 13364
700 1# - ADDED ENTRY--PERSONAL NAME
Personal name Sánchez Prieto, Ana Belén,
Dates associated with a name 1968-
9 (RLIN) 13365
830 #0 - SERIES ADDED ENTRY--UNIFORM TITLE
9 (RLIN) 9196
Uniform title Letras universitarias (Síntesis)
942 ## - ADDED ENTRY ELEMENTS (KOHA)
Item type Monografías
Dati di copia
Withdrawn status Lost status Damaged status Not for loan Home library Current library Date acquired Total Checkouts Full call number Barcode Date last seen Price effective from Koha item type
        Iglesia Nacional Española en Roma Iglesia Nacional Española en Roma 23/10/2014   HIS.ESP.0. 525 7603 23/10/2014 23/10/2014 Monografías